00580nam a2200181 a 4500001001000000003000900010005001700019007000300036008004100039040002500080082002300105100004500128245009100173260006100264300002100325650001800346700003400364000003649DO-SdBNP20260114124842.0ta090711s1947 dr r 000 0 spa d aDO-SdBNPbspacBNPHU 4a158.128bM385m2221 aMartínez de Trujillo, María,d1899-?10aMeditaciones morales /cMaría Martínez de Trujillo ; prólogo José Vasconcelos. aCuidad Trujillo, República Dominicana :b[s.n],c1947. a121 p. :b23 cm.10aMeditaciones 1 aVasconcelos, José,epról.